00547nam a2200181 a 45000010010000000030011000100080041000210350026000620820014000881000021001022450035001232600033001586500013001919420012002049520097002169980037003139990015003500000-8748ELIB.Books110520 1986  a(ELIB.Books)0000-8894 a230 bSon aSong, Choan-Seng aTheology from the Womb of Asia bNew York: Orbis Books c1986 aTheology 2ddccBK 00102ddc4070aKBTSbKBTSd2011-05-20l0p1232, 16904r2022-01-22 00:00:00w2022-01-22yBK cbate2011-05-20mcatu2019-05-23 c8748d8748